[Event "BOL-ch"]
[Site "Oruro"]
[Date "2024.04.04"]
[Round "5"]
[White "Bolanos, Fernando"]
[Black "Mayta Aiza, Maveric"]
[Result "1/2-1/2"]
[WhiteElo "2227"]
[BlackElo "2084"]
[PlyCount "58"]
[EventDate "2024.04.02"]
[EventType "tourn"]
[EventRounds "9"]
[EventCountry "BOL"]
[SourceTitle "CB16_2024"]
[SourceDate "2024.04.17"]
[SourceVersion "1"]
[SourceVersionDate "2024.04.17"]
[SourceQuality "1"]

1. e4 c5 2. Nf3 e6 3. d4 cxd4 4. Nxd4 Nc6 5. Nc3 Qc7 6. g3 a6 7. Bg2 Nf6 8. 0-0 Bc5 9. Be3 Nxd4 10. Bxd4 d6 11. Re1 0-0 12. e5 Bxd4 13. Qxd4 dxe5 14. Qxe5 Qxe5 15. Rxe5 Rd8 16. Rc5 Rb8 17. Rd1 Rxd1+ 18. Nxd1 Ne8 19. Ne3 b6 20. Rc3 f6 21. a4 Kf8 22. Kf1 Bd7 23. b3 Ke7 24. Ke1 Nd6 25. Rc7 Kd8 26. Ra7 a5 27. Kd2 Nc8 28. Ra8 Rxa8 29. Bxa8 Nd6 1/2-1/2

[Event "BOL-ch"]
[Site "Oruro"]
[Date "2024.04.04"]
[Round "4"]
[White "Mayta Aiza, Maveric"]
[Black "Ribera, Miguel Angel"]
[Result "1-0"]
[WhiteElo "2084"]
[BlackElo "1953"]
[PlyCount "85"]
[EventDate "2024.04.02"]
[EventType "tourn"]
[EventRounds "9"]
[EventCountry "BOL"]
[SourceTitle "CB16_2024"]
[SourceDate "2024.04.17"]
[SourceVersion "1"]
[SourceVersionDate "2024.04.17"]
[SourceQuality "1"]

1. e4 c5 2. Nf3 d6 3. Bb5+ Bd7 4. Bxd7+ Qxd7 5. d4 cxd4 6. Qxd4 Nc6 7. Qd3 Nf6 8. Nc3 g6 9. 0-0 Bg7 10. Bg5 h6 11. Bh4 Rc8 12. Rfe1 0-0 13. Rad1 Ng4 14. Bg3 Nge5 15. Nxe5 Nxe5 16. Bxe5 Bxe5 17. Nd5 e6 18. Ne3 Bxb2 19. Nc4 Bg7 20. Nxd6 Rc3 21. Qe2 Qa4 22. e5 Rxc2 23. Qf3 Qc6 24. Qf4 b5 25. h4 f6 26. Qg4 fxe5 27. Ne4 Qe8 28. Rd6 Qf7 29. Qxe6 Qxe6 30. Rxe6 Rxa2 31. Rxg6 b4 32. Rd1 Kh7 33. h5 Rf7 34. Rd3 Re2 35. f3 a5 36. Ra6 Ra2 37. Rb6 Rc7 38. Rdd6 Rf7 39. Rg6 Rb2 40. Nd6 Ra7 41. Ne8 Kg8 42. Rb8 Kh7 43. Rxg7+ 1-0

[Event "Sucre op 7th"]
[Site "Sucre"]
[Date "2023.12.09"]
[Round "5"]
[White "Cueto Chajtur, Johny"]
[Black "Mayta Aiza, Maveric"]
[Result "1/2-1/2"]
[WhiteElo "2112"]
[BlackElo "2051"]
[PlyCount "24"]
[EventDate "2023.12.07"]
[EventType "swiss"]
[EventRounds "7"]
[EventCountry "BOL"]
[SourceTitle "CB51_2023"]
[SourceDate "2023.12.20"]
[SourceVersion "1"]
[SourceVersionDate "2023.12.20"]
[SourceQuality "1"]

1. d4 Nf6 2. Nc3 d5 3. Bf4 c6 4. f3 Qb6 5. Rb1 g6 6. e4 dxe4 7. fxe4 Bg7 8. Nf3 Bg4 9. Bc4 0-0 10. e5 Nd5 11. Bxd5 cxd5 12. 0-0 Nc6 1/2-1/2

[Event "Oruro Baptista Memorial"]
[Site "Oruro"]
[Date "2023.11.04"]
[Round "7"]
[White "Mayta Aiza, Maveric"]
[Black "Rossi, Vittorio"]
[Result "1-0"]
[WhiteElo "1908"]
[BlackElo "1930"]
[PlyCount "69"]
[EventDate "2023.11.01"]
[EventType "swiss"]
[EventRounds "9"]
[EventCountry "BOL"]
[SourceTitle "Mega2024 Update 01"]
[Source "Chessbase"]
[SourceDate "2023.11.12"]
[SourceVersion "1"]
[SourceVersionDate "2023.11.12"]
[SourceQuality "1"]

1. e4 e5 2. Nf3 Nc6 3. d4 exd4 4. Nxd4 Bc5 5. Nxc6 bxc6 6. Bd3 d6 7. 0-0 h6 8. Nc3 Ne7 9. Kh1 Bb7 10. Qe2 Bd4 11. Be3 Bf6 12. Rab1 d5 13. Na4 d4 14. Bd2 Ng6 15. e5 Be7 16. e6 Qd5 17. Bc4 Qe5 18. Qg4 Qf6 19. exf7+ Kf8 20. f4 c5 21. Rbe1 h5 22. Qe6 Nh4 23. Rf2 Bc6 24. b3 Nf5 25. Bd3 Ne3 26. Qxf6 Bxf6 27. Bxe3 Bh4 28. Rfe2 dxe3 29. Rf1 Bxa4 30. bxa4 Bf2 31. Bg6 Rd8 32. g3 h4 33. Kg2 hxg3 34. hxg3 a5 35. Rfxf2 1-0

[Event "Oruro Baptista Memorial"]
[Site "Oruro"]
[Date "2023.11.01"]
[Round "2"]
[White "Nina Cosme, Mons"]
[Black "Mayta Aiza, Maveric"]
[Result "0-1"]
[WhiteElo "1419"]
[BlackElo "1908"]
[PlyCount "94"]
[EventDate "2023.11.01"]
[EventType "swiss"]
[EventRounds "9"]
[EventCountry "BOL"]
[SourceTitle "Mega2024 Update 01"]
[Source "Chessbase"]
[SourceDate "2023.11.12"]
[SourceVersion "1"]
[SourceVersionDate "2023.11.12"]
[SourceQuality "1"]

1. c4 c5 2. g3 g6 3. Bg2 Bg7 4. Nf3 Nc6 5. Nc3 Nf6 6. 0-0 0-0 7. d4 d6 8. d5 Na5 9. Nd2 Bd7 10. a3 Rc8 11. b3 Nxd5 12. Bxd5 Bxc3 13. Rb1 Bh3 14. Re1 Nc6 15. Qc2 Bg7 16. Bb2 e5 17. e3 Bf5 18. Ne4 Rc7 19. Rbd1 Rd7 20. f4 Ne7 21. Qg2 Nxd5 22. Rxd5 Re8 23. Nc3 exf4 24. gxf4 Bxc3 25. Bxc3 Be4 26. Qg5 Qxg5+ 27. Rxg5 b6 28. Rc1 h6 29. Rg3 d5 30. Rd1 Red8 31. cxd5 Rxd5 32. Rf1 Rd3 33. Bf6 R8d5 34. Rb1 Kf8 35. Rh3 h5 36. Rb2 Ke8 37. Rg3 Rd1+ 38. Kf2 Rh1 39. h4 Rdd1 40. Rg4 Rhf1+ 41. Kg3 Kd7 42. Rf2 Rg1+ 43. Kh3 Rh1+ 44. Rh2 Bf5 45. Kg2 Rdg1+ 46. Kf2 Rf1+ 47. Ke2 Bxg4+ 0-1

[Event "La Paz GP op 3rd"]
[Site "La Paz"]
[Date "2023.08.17"]
[Round "2"]
[White "Mayta Aiza, Maveric"]
[Black "Calisaya Apaza, Beymar"]
[Result "1-0"]
[WhiteElo "2017"]
[BlackElo "1213"]
[PlyCount "101"]
[EventDate "2023.08.17"]
[EventType "swiss"]
[EventRounds "7"]
[EventCountry "BOL"]
[SourceTitle "EXT 2024"]
[Source "ChessBase"]
[SourceDate "2023.10.10"]
[SourceVersion "1"]
[SourceVersionDate "2023.10.10"]
[SourceQuality "1"]

1. e4 c6 2. d4 d5 3. exd5 cxd5 4. Nc3 Nf6 5. Nf3 Nc6 6. Ne5 e6 7. Bb5 Qc7 8. 0-0 Bd6 9. f4 0-0 10. Be3 Bd7 11. a3 Rac8 12. Bd3 Na5 13. Rf3 Nc4 14. Bxc4 dxc4 15. Rh3 h6 16. g4 Nd5 17. Qf3 Nxc3 18. bxc3 Bc6 19. Nxc6 Qxc6 20. Rb1 Bxa3 21. Rxb7 a6 22. Qxc6 Rxc6 23. Rh5 Bd6 24. Ra5 Ra8 25. Kf2 Bc7 26. Ra4 a5 27. Rbb4 Kf8 28. Rxc4 Rxc4 29. Rxc4 a4 30. Rxc7 a3 31. Bc1 a2 32. Bb2 a1Q 33. Bxa1 Rxa1 34. h4 Rc1 35. h5 Rxc2+ 36. Kg3 Rc1 37. g5 Rg1+ 38. Kf2 Rh1 39. g6 fxg6 40. hxg6 Rh2+ 41. Kf3 Rh1 42. Rf7+ Kg8 43. Re7 Rf1+ 44. Ke3 Kf8 45. Rf7+ Kg8 46. Ra7 Kf8 47. c4 h5 48. c5 h4 49. c6 Rc1 50. c7 Rxc7 51. Rxc7 1-0

[Event "La Paz Casa Argentina op"]
[Site "La Paz"]
[Date "2023.07.06"]
[Round "1"]
[White "Alacoria Mena, Alejandro"]
[Black "Mayta Aiza, Maveric"]
[Result "0-1"]
[WhiteElo "1124"]
[BlackElo "2049"]
[PlyCount "90"]
[EventDate "2023.07.06"]
[EventType "swiss"]
[EventRounds "7"]
[EventCountry "BOL"]
[SourceTitle "CBM 215 Extra"]
[Source "ChessBase"]
[SourceDate "2023.09.30"]
[SourceVersion "1"]
[SourceVersionDate "2023.09.30"]
[SourceQuality "1"]

1. e4 c5 2. Nf3 Nc6 3. d4 cxd4 4. Nxd4 Nf6 5. Nc3 d6 6. Bb5 Bd7 7. Nxc6 bxc6 8. Bc4 e5 9. 0-0 Be7 10. f4 0-0 11. fxe5 dxe5 12. Be3 Ng4 13. Qf3 Nxe3 14. Qxe3 Qb6 15. Qxb6 axb6 16. Rad1 Bg4 17. Rde1 b5 18. Bb3 Rad8 19. h3 Bh5 20. g4 Bg6 21. Rd1 Bg5 22. a3 Rd4 23. Kg2 Rfd8 24. Rxd4 exd4 25. Ne2 Bxe4+ 26. Kg3 Rd7 27. h4 Bd8 28. Nf4 Bc7 29. Re1 Re7 30. c3 d3 31. g5 g6 32. Bd1 Kf8 33. Bb3 d2 34. Re2 Bc2 35. Rxe7 Bxf4+ 36. Kxf4 Bxb3 37. Rd7 Bd5 38. Ke5 d1Q 39. Kf6 Qf3+ 40. Ke5 Qf5+ 41. Kd4 Qxd7 42. Kc5 Ke7 43. a4 Qa7+ 44. Kb4 Kd6 45. h5 Qxa4# 0-1

[Event "Oruro op 4th"]
[Site "Oruro"]
[Date "2023.02.11"]
[Round "5"]
[White "Titichoca Daza, Daniel Henry"]
[Black "Mayta Aiza, Maveric"]
[Result "1-0"]
[WhiteElo "2185"]
[BlackElo "1941"]
[PlyCount "89"]
[EventDate "2023.02.09"]
[EventType "swiss"]
[EventRounds "7"]
[EventCountry "BOL"]
[SourceTitle "CBM 213 Extra"]
[Source "ChessBase"]
[SourceDate "2023.05.31"]
[SourceVersion "1"]
[SourceVersionDate "2023.05.31"]
[SourceQuality "1"]

1. e4 c5 2. Nf3 Nc6 3. d4 cxd4 4. Nxd4 Nf6 5. Nc3 d6 6. Bg5 e6 7. Qd2 a6 8. 0-0-0 Bd7 9. f4 Be7 10. Nf3 b5 11. a3 b4 12. axb4 Nxb4 13. Kb1 Qa5 14. Bc4 Rc8 15. Bb3 Bc6 16. Bxf6 gxf6 17. Nd4 Bd7 18. f5 Qe5 19. Rhe1 Nc6 20. Nxc6 Bxc6 21. Nd5 Bb5 22. Ne3 h5 23. g4 h4 24. fxe6 fxe6 25. Nf5 Bc4 26. Bxc4 Rxc4 27. Nxd6+ Bxd6 28. Qxd6 Qxd6 29. Rxd6 Ke7 30. Rxa6 Rhc8 31. c3 h3 32. e5 Rxg4 33. Ra7+ Kf8 34. exf6 Rg2 35. Rh7 Rc6 36. Rd1 Rc8 37. Rdd7 Rb8 38. b4 Ra8 39. f7 Rg1+ 40. Kb2 Rg2+ 41. Kb3 Rg8 42. fxg8Q+ Kxg8 43. Rdg7+ Kf8 44. Rh8+ Kxg7 45. Rxa8 1-0

[Event "Sucre op"]
[Site "Sucre"]
[Date "2022.10.16"]
[Round "7"]
[White "Mayta Aiza, Maveric"]
[Black "Barroso Benavides, Carlo Gennaro"]
[Result "1-0"]
[WhiteElo "1990"]
[BlackElo "1687"]
[PlyCount "81"]
[EventDate "2022.10.13"]
[EventType "swiss"]
[EventRounds "7"]
[EventCountry "BOL"]
[SourceTitle "CBM 210 Extra"]
[Source "ChessBase"]
[SourceDate "2022.11.30"]
[SourceVersion "1"]
[SourceVersionDate "2022.11.30"]
[SourceQuality "1"]

1. e4 c6 2. d4 d5 3. Nd2 dxe4 4. Nxe4 Bf5 5. Ng3 Bg6 6. h4 h6 7. Nf3 Nd7 8. h5 Bh7 9. Bd3 Bxd3 10. Qxd3 Ngf6 11. Bf4 e6 12. 0-0-0 Qa5 13. Kb1 0-0-0 14. c4 Be7 15. Rhe1 Nxh5 16. Bd2 Qc7 17. Nxh5 Bd6 18. c5 Be7 19. Qa3 b6 20. Qa6+ Qb7 21. Qxb7+ Kxb7 22. cxb6 g6 23. Ng3 axb6 24. Bc3 Nf6 25. d5 cxd5 26. Nd4 Rhe8 27. Re2 h5 28. Nf3 Nd7 29. Nf1 Bd6 30. Ng5 Re7 31. Nd2 Rde8 32. Nde4 Bc7 33. Nf6 Nxf6 34. Bxf6 Rd7 35. Nf3 e5 36. Rde1 Rd6 37. Rxe5 Rc8 38. Be7 Rc6 39. Rxd5 Bf4 40. Red1 Rc2 41. Bh4 1-0

[Event "Sucre op"]
[Site "Sucre"]
[Date "2022.10.15"]
[Round "6"]
[White "Cruz Condori, Alfredo"]
[Black "Mayta Aiza, Maveric"]
[Result "0-1"]
[WhiteElo "2115"]
[BlackElo "1990"]
[PlyCount "94"]
[EventDate "2022.10.13"]
[EventType "swiss"]
[EventRounds "7"]
[EventCountry "BOL"]
[SourceTitle "CBM 210 Extra"]
[Source "ChessBase"]
[SourceDate "2022.11.30"]
[SourceVersion "1"]
[SourceVersionDate "2022.11.30"]
[SourceQuality "1"]

1. Nf3 d5 2. d4 c6 3. g3 Nf6 4. Bg2 g6 5. c4 Bg7 6. Nc3 0-0 7. 0-0 Bf5 8. Qb3 Qb6 9. Qa3 dxc4 10. Bf4 Na6 11. Ne5 Be6 12. e4 Qb4 13. Qxb4 Nxb4 14. Rfd1 Rfd8 15. Rac1 Nd7 16. Nf3 Bg4 17. Be3 Nb6 18. e5 N6d5 19. Ne4 Nd3 20. Rxd3 cxd3 21. Nc5 Nxe3 22. fxe3 Bh6 23. Kf2 Bxf3 24. Bxf3 Rxd4 25. Rd1 Rc4 26. Nxd3 Rd8 27. Be2 Re4 28. b4 Rxe3 29. h4 Re4 30. g4 Red4 31. e6 fxe6 32. g5 Bg7 33. h5 gxh5 34. Ke3 Rh4 35. Nf4 Rxd1 36. Bxd1 e5 37. Nd3 Kf7 38. Nc5 Rxb4 39. Bxh5+ Kg8 40. Bd1 b6 41. Bb3+ Kh8 42. Ne6 c5 43. Bd5 e4 44. Nd8 Bb2 45. Nc6 Bc1+ 46. Ke2 Rb2+ 47. Ke1 Bxg5 0-1

[Event "Sucre op"]
[Site "Sucre"]
[Date "2022.10.15"]
[Round "5"]
[White "Yanez Arcienega, Camilo"]
[Black "Mayta Aiza, Maveric"]
[Result "1/2-1/2"]
[WhiteElo "1819"]
[BlackElo "1990"]
[PlyCount "79"]
[EventDate "2022.10.13"]
[EventType "swiss"]
[EventRounds "7"]
[EventCountry "BOL"]
[SourceTitle "CBM 210 Extra"]
[Source "ChessBase"]
[SourceDate "2022.11.30"]
[SourceVersion "1"]
[SourceVersionDate "2022.11.30"]
[SourceQuality "1"]

1. d4 d5 2. Nf3 c6 3. c4 Nf6 4. g3 dxc4 5. Bg2 Nbd7 6. Nbd2 Nb6 7. Qc2 g6 8. 0-0 Bg7 9. a4 a5 10. Rd1 0-0 11. Ne5 Nfd5 12. Ndxc4 Nb4 13. Qd2 Be6 14. Qc3 N6d5 15. Qd2 Nb6 16. Qc3 Nxa4 17. Rxa4 b5 18. Rxa5 Rxa5 19. Nxa5 Qxa5 20. Nxc6 Nxc6 21. Bxc6 Qa4 22. Qe1 Bc4 23. e4 Bb3 24. Rd3 Bxd4 25. Bh6 Rd8 26. Qd2 Bc2 27. Ra3 Qc4 28. Bd5 Qc5 29. b4 Qb6 30. Qxc2 e6 31. Ba2 Qd6 32. Bg5 Rb8 33. Qb3 Rc8 34. Bf4 Qb6 35. Be3 Qd8 36. Qd1 Bxe3 37. Qxd8+ Rxd8 38. Rxe3 Rd4 39. Kf1 Rxb4 40. Rb3 1/2-1/2

[Event "Pan American-ch U20"]
[Site "Pereira"]
[Date "2022.08.28"]
[Round "9"]
[White "Loaiza Cuervo, Santiago"]
[Black "Mayta Aiza, Maveric"]
[Result "1-0"]
[WhiteElo "2082"]
[BlackElo "1962"]
[PlyCount "113"]
[EventDate "2022.08.23"]
[EventType "swiss"]
[EventRounds "9"]
[EventCountry "COL"]
[SourceTitle "CBM 210 Extra"]
[Source "ChessBase"]
[SourceDate "2022.11.30"]
[SourceVersion "1"]
[SourceVersionDate "2022.11.30"]
[SourceQuality "1"]

1. e4 c5 2. Nf3 Nc6 3. d4 cxd4 4. Nxd4 Nf6 5. Nc3 d6 6. Bg5 e6 7. Qd2 a6 8. 0-0-0 Bd7 9. f4 Be7 10. Bxf6 Bxf6 11. Nf3 Be7 12. g4 b5 13. Kb1 Qa5 14. Bg2 Rc8 15. Nd4 0-0 16. Nxc6 Bxc6 17. Nd5 Qd8 18. Nxe7+ Qxe7 19. Qxd6 Qh4 20. g5 Qf2 21. Qd2 Qxd2 22. Rxd2 Rfd8 23. Rhd1 Rxd2 24. Rxd2 Kf8 25. c3 Ke7 26. Kc2 h6 27. gxh6 gxh6 28. e5 Bxg2 29. Rxg2 Rc4 30. Rg4 Re4 31. Kd2 Kf8 32. b3 a5 33. Kd3 Re1 34. Rg2 Rf1 35. Ke3 a4 36. Rc2 Ke7 37. c4 axb3 38. axb3 b4 39. Rd2 Rb1 40. Rd3 Rh1 41. Kd4 Rc1 42. Rg3 Rc2 43. Kc5 Rxh2 44. Kxb4 h5 45. Kc5 h4 46. Rg8 Rf2 47. b4 h3 48. Rh8 Rxf4 49. b5 Kd7 50. b6 h2 51. Rxh2 Kc8 52. Kb5 Kd7 53. c5 Rf1 54. c6+ Ke7 55. c7 Rb1+ 56. Ka6 Ra1+ 57. Kb7 1-0

[Event "Pan American-ch U20"]
[Site "Pereira"]
[Date "2022.08.24"]
[Round "3"]
[White "Mayta Aiza, Maveric"]
[Black "Picasso Periche, Luis Willian Albert"]
[Result "1-0"]
[WhiteElo "1962"]
[BlackElo "1226"]
[PlyCount "69"]
[EventDate "2022.08.23"]
[EventType "swiss"]
[EventRounds "9"]
[EventCountry "COL"]
[SourceTitle "CBM 210 Extra"]
[Source "ChessBase"]
[SourceDate "2022.11.30"]
[SourceVersion "1"]
[SourceVersionDate "2022.11.30"]
[SourceQuality "1"]

1. e4 d5 2. exd5 Qxd5 3. Nc3 Qe5+ 4. Be2 Bg4 5. d4 Qe6 6. Be3 Bxe2 7. Ngxe2 c6 8. 0-0 Nd7 9. d5 Qg4 10. dxc6 bxc6 11. Nd4 Qxd1 12. Raxd1 c5 13. Ndb5 0-0-0 14. Nxa7+ Kb7 15. Bxc5 Ngf6 16. Be3 e5 17. Nab5 Kc6 18. Rd2 Bb4 19. Rfd1 Rb8 20. Na7+ Kb7 21. Rxd7+ Nxd7 22. Rxd7+ Ka6 23. Nc6 Bxc3 24. Nxb8+ Rxb8 25. Ra7+ Kb5 26. bxc3 Kc4 27. g4 Kxc3 28. a4 Kxc2 29. a5 Kd3 30. a6 Rb1+ 31. Kg2 Ra1 32. Rd7+ Ke4 33. a7 g6 34. Bd2 Rg1+ 35. Kxg1 1-0

[Event "BOL-ch U20"]
[Site "Cochabamba"]
[Date "2022.05.14"]
[Round "3"]
[White "Mayta Aiza, Maveric"]
[Black "Montevilla Cahuasa, Jonathan Isaac"]
[Result "1-0"]
[WhiteElo "1873"]
[BlackElo "1684"]
[PlyCount "69"]
[EventDate "2022.05.13"]
[EventType "swiss"]
[EventRounds "7"]
[EventCountry "BOL"]
[SourceTitle "EXT 2023"]
[Source "ChessBase"]
[SourceDate "2022.10.05"]
[SourceVersion "1"]
[SourceVersionDate "2022.10.05"]
[SourceQuality "1"]

1. e4 c5 2. Nf3 Nc6 3. Bb5 e6 4. c3 Nge7 5. 0-0 d5 6. exd5 Qxd5 7. d4 cxd4 8. c4 Qh5 9. Nxd4 Qxd1 10. Rxd1 Bd7 11. Nc3 a6 12. Ne4 Nc8 13. Bxc6 bxc6 14. Be3 f5 15. Ng5 Ke7 16. Ngf3 Nd6 17. Ne5 Rc8 18. Nb3 Rc7 19. Bc5 Kf6 20. f4 Ne4 21. Bxf8 Be8 22. Bd6 Nxd6 23. Rxd6 g5 24. Nc5 Re7 25. Re1 gxf4 26. Ned3 Bf7 27. Nxf4 Rhe8 28. Rxc6 Kg5 29. Nfxe6+ Kh4 30. g3+ Kg4 31. Kg2 f4 32. h3+ Kf5 33. Nd4+ Kg5 34. Nf3+ Kf5 35. g4# 1-0

[Event "BOL-ch U20"]
[Site "Cochabamba"]
[Date "2022.05.14"]
[Round "4"]
[White "Ticona Rocabado, Licael Roderick"]
[Black "Mayta Aiza, Maveric"]
[Result "0-1"]
[WhiteElo "2097"]
[BlackElo "1873"]
[PlyCount "114"]
[EventDate "2022.05.13"]
[EventType "swiss"]
[EventRounds "7"]
[EventCountry "BOL"]
[SourceTitle "EXT 2023"]
[Source "ChessBase"]
[SourceDate "2022.10.05"]
[SourceVersion "1"]
[SourceVersionDate "2022.10.05"]
[SourceQuality "1"]

1. Nf3 d5 2. g3 Nc6 3. d4 Bg4 4. Bg2 Qd7 5. c3 h5 6. h3 Bxf3 7. Bxf3 0-0-0 8. Nd2 e5 9. Nb3 e4 10. Bg2 h4 11. g4 f5 12. gxf5 Qxf5 13. Be3 a5 14. Qc2 g6 15. f3 exf3 16. Qxf5+ gxf5 17. Bxf3 Bd6 18. Kd2 a4 19. Nc1 f4 20. Bf2 Nf6 21. e3 Ne4+ 22. Bxe4 dxe4 23. exf4 Bxf4+ 24. Be3 Bg3 25. Ne2 Ne5 26. Kc2 Nc4 27. Bg1 Rdf8 28. b3 Nd6 29. b4 Rf3 30. d5 Rhf8 31. Bc5 b6 32. Bxd6 cxd6 33. Kd2 Rd3+ 34. Kc1 Rf2 35. Re1 Be5 36. Rb1 a3 37. c4 Bb2+ 38. Kc2 Rc3+ 39. Kd1 Rd3+ 40. Kc2 Bc3 41. Rf1 Rxe2+ 42. Kb3 Be5+ 43. Ka4 Rf3 44. Kb5 Rxa2 45. Kxb6 Rb2 46. Rbc1 a2 47. c5 Rxb4+ 48. Kc6 Rbb3 49. Rg1 Bg3 50. Rgf1 Rbc3 51. Rg1 Rxc1 52. Rxc1 Rc3 53. Rxc3 a1Q 54. Rb3 Qa4+ 55. Rb5 Qa8+ 56. Kb6 Qb7+ 57. Ka5 Be1+ 0-1

[Event "Hibrido del Sur op U2000 6th"]
[Site "Tornelo INT"]
[Date "2022.02.26"]
[Round "5"]
[White "Zambrano Rodriguez, Aaron Jose"]
[Black "Mayta Aiza, Maveric"]
[Result "0-1"]
[WhiteElo "1818"]
[BlackElo "1642"]
[PlyCount "52"]
[EventDate "2022.02.26"]
[EventType "swiss"]
[EventRounds "6"]
[EventCountry "VEN"]
[SourceTitle "EXT 2023"]
[Source "ChessBase"]
[SourceDate "2022.10.05"]
[SourceVersion "1"]
[SourceVersionDate "2022.10.05"]
[SourceQuality "1"]

1. e4 c5 2. Nf3 Nc6 3. c3 Nf6 4. Bd3 d6 5. h3 g6 6. 0-0 Bg7 7. Bc2 e5 8. d4 0-0 9. dxc5 dxc5 10. Be3 b6 11. Na3 Ba6 12. Re1 Qc7 13. Qc1 Nh5 14. Bh6 Rae8 15. Bxg7 Kxg7 16. Ba4 Nf4 17. Nb5 Qe7 18. Qe3 Rd8 19. Rad1 Na5 20. b3 Nc6 21. Na3 Rxd1 22. Rxd1 Rd8 23. Re1 Rd3 24. Qc1 Rxf3 25. Re3 Qg5 26. g4 Nxh3+ 0-1